000 00696nam a2200253Ia 4500
003 OSt
005 20221006143525.0
006 a|||||r|||| 00| 0
007 ta
008 221006b |||||||| |||| 00| 0 eng d
020 _a0226305880
_c868.45
024 _a9,232
037 _cTextual
040 _aEASL
_cEASL
_beng
041 _2eng
_aeng
082 _aX.41.N9, N0
100 _aGranick David
_9130070
245 0 _aChinese state enterprises
_b A regional property rights analysis
260 _aChicago
_bUniversity of Chicago Press
_c1990
300 _a345p.
_ccm.
490 _v CEL
942 _hX.41.N9, N0
_cTEXL
_2CC
999 _c1077318
_d1077318